000 00602nam a2200193 i 4500
001 39317
003 ES-MaACL
005 20250815111425.0
007 t|
008 030227s1933 fr ||||1| fre d
100 1 _aCamentron, Capitaine.
_934054
245 1 3 _aLe danger aéro-chimique
_b: quatre conférences pour les Assistantes du Devoir Nationale /
_cMédecin Capitaine Camentron.
250 _a3eme ed.
260 _aParís :
_bCharles-Lavauzelle,
_c1933.
300 _a84 p. ;
_c21 cm.
650 7 _aArmas químicas
_2embne
_9149310
852 _aES-MaACL
_j1797-F-5
999 _c39317
_d39317